000 00437nam a2200145Ia 4500
008 220217s9999||||xx |||||||||||||| ||und||
020 _a978-0-07-015389-9
082 _a620.11 BEE
100 _aBeer, Ferdinand, P Jhonston, Russell, E, Dewolf, John, T and
245 0 _aMachanics of materials
250 _a5th
260 _aTata mcgraw hill company Ltd
_bNew Delhi
_c2010
300 _aXVII, 767p.
_b450
650 _aMECHANICS
999 _c179228
_d179228